根据城区地形地图写出安徽各地市 Anhui cities on urban topographic map - Statistics

General Stats
  • This quiz has been taken 14 times
  • The average score is 10 of 16
Answer Stats
Picture Answer % Correct
安庆
90%
亳州
80%
蚌埠
70%
淮南
70%
芜湖
70%
池州
70%
六安
60%
宿州
60%
铜陵
60%
淮北
60%
宣城
60%
合肥
60%
黄山
60%
滁州
50%
马鞍山
50%
阜阳
50%
No matching quizzes found
Score Distribution
Percent of People with Each Score
Percentile by Number Answered
Your Score History
You have not taken this quiz